Sharāb-i khām / (Record no. 51201)

MARC details
000 -LEADER
fixed length control field 00746cam a2200229 a 4500
001 - CONTROL NUMBER
control field ne 68005049
003 - CONTROL NUMBER IDENTIFIER
control field DLC
005 - DATE AND TIME OF LATEST TRANSACTION
control field 20260227111852.0
008 - FIXED-LENGTH DATA ELEMENTS--GENERAL INFORMATION
fixed length control field 890606s1968 ir 000 j per
010 ## - LIBRARY OF CONGRESS CONTROL NUMBER
LC control number ne 68005049
040 ## - CATALOGING SOURCE
Original cataloging agency DLC
Transcribing agency DLC
050 00 - LIBRARY OF CONGRESS CALL NUMBER
Classification number PK6561.F266
Item number S5
066 ## - CHARACTER SETS PRESENT
Alternate G0 or G1 character set (3
-- (4
100 1# - MAIN ENTRY--PERSONAL NAME
Linkage 880-01
Personal name Faṣīḥ, Ismāʻīl.
245 10 - TITLE STATEMENT
Linkage 880-02
Title Sharāb-i khām /
Statement of responsibility, etc. Ismāʻīl Faṣīḥ.
260 ## - PUBLICATION, DISTRIBUTION, ETC.
Linkage 880-03
Place of publication, distribution, etc. Tihrān :
Name of publisher, distributor, etc. Kitābhā-yi Jībī,
Date of publication, distribution, etc. 1347 [1968]
300 ## - PHYSICAL DESCRIPTION
Extent 441 p. ;
Dimensions 23 cm.
500 ## - GENERAL NOTE
General note Short stories.
880 1# - ALTERNATE GRAPHIC REPRESENTATION
Linkage 100-01/(3/r
a فصيح، اسماعيل.
880 10 - ALTERNATE GRAPHIC REPRESENTATION
Linkage 245-02/(3/r
a شراب خام /
c اسماعيل فصيح.
880 ## - ALTERNATE GRAPHIC REPRESENTATION
Linkage 260-03/(3/r
a تهران :
b کتابهاى جىبى،
c 1347 [1968].

No items available.

Powered by Koha